| 000 | 00664nam a2200241Ia 4500 | ||
|---|---|---|---|
| 003 | OSt | ||
| 005 | 20221007070709.0 | ||
| 006 | a|||||r|||| 00| 0 | ||
| 007 | ta | ||
| 008 | 221006b |||||||| |||| 00| 0 eng d | ||
| 020 | _a9780670086436 | ||
| 024 | _a44,486 | ||
| 037 | _cTextual | ||
| 040 |
_aFLL _cFLL _beng |
||
| 041 |
_2eng _aeng |
||
| 082 | _aV44Q7y7M76, Q7 | ||
| 100 |
_aREDDY Sheela _9417855 |
||
| 245 | 0 |
_aMr. And Mrs. JINNAH _b The marriage that shook India |
|
| 260 |
_aGurgaon _bPenguin India _c2017 |
||
| 300 |
_aviii,421p. _ccm. |
||
| 942 |
_hV44Q7y7M76, Q7 _cTEXL _2CC |
||
| 999 |
_c1141272 _d1141272 |
||